Vista normal
Vista MARC
Entrada Personal Name
Número de registros utilizados en: 1
001 - CONTROL NUMBER
- control field: 9002
003 - CONTROL NUMBER IDENTIFIER
- control field: DLC
005 - DATE AND TIME OF LATEST TRANSACTION
- control field: 20190221122236.0
008 - FIXED-LENGTH DATA ELEMENTS
- fixed length control field: 940505n| acannaabn |a aaa c
010 ## - LIBRARY OF CONGRESS CONTROL NUMBER
- LC control number: nr 94015018
035 ## - SYSTEM CONTROL NUMBER
- System control number: (OCoLC)oca03600659
040 ## - CATALOGING SOURCE
- Original cataloging agency: NjP
- Language of cataloging: spa
- Transcribing agency: Mx-PuUPA
- Modifying agency: OCoLC
- Modifying agency: Mx-PuUPA
- Description conventions: rda
046 ## - SPECIAL CODED DATES
- Birth date: 1955
100 1# - HEADING--PERSONAL NAME
- Personal name: Rodríguez González, Jesús Jerónimo,
- Dates associated with a name: 1955-
370 ## - ASSOCIATED PLACE
- Place of birth: Candás - Asturias
372 ## - FIELD OF ACTIVITY
- Field of activity: Historia de Asturias y América
374 ## - OCCUPATION
- Occupation: Licenciado en historia
- Occupation: Catedrático de Instituto
375 ## - GENDER
- Gender: hombre
377 ## - ASSOCIATED LANGUAGE
- Language code: spa
400 1# - SEE FROM TRACING--PERSONAL NAME
- Personal name: González, Jesús Jerónimo Rodríguez,
- Dates associated with a name: 1955-
400 1# - SEE FROM TRACING--PERSONAL NAME
- Personal name: Rodríguez, Jesús Jerónimo,
- Dates associated with a name: 1955-
670 ## - SOURCE DATA FOUND
- Source citation: Asturias y América, c1992:
- Information found: t.p. (Jesús Jerónimo Rodríguez González) cover p. 2 (Jesús Jerónimo Rodríguez, b. in Candas, Asturias, 1955; licenciado in history and law)
670 ## - SOURCE DATA FOUND
- Source citation: La sociedad española ante la libertad religiosa. 1869: valoración cuantitativa en Hispania sacra (1987)
- Information found: portada (Jesús Jerónimo Rodríguez González)
670 ## - SOURCE DATA FOUND
- Source citation: Biblioteca del congreso (Estados Unidos), 21 febrero 2019:
- Information found: catálogo electrónico
- Uniform Resource Identifier: https://goo.gl/xfscBG